चित्र बनाने के 100 तरीके / (Record no. 120828)

MARC details
000 -LEADER
fixed length control field 00973nam a22002537a 4500
005 - DATE AND TIME OF LATEST TRANSACTION
control field 20170124103203.0
010 ## - LIBRARY OF CONGRESS CONTROL NUMBER
LC control number A-883090
020 ## - INTERNATIONAL STANDARD BOOK NUMBER
Terms of availability 80.00
035 ## - SYSTEM CONTROL NUMBER
System control number A-883090
037 ## - SOURCE OF ACQUISITION
Source of stock number/acquisition Cen Lib/Ret
040 ## - CATALOGING SOURCE
Original cataloging agency DPL
Language of cataloging HN
082 ## - DEWEY DECIMAL CLASSIFICATION NUMBER
Classification number 750
Item number जसवा
100 ## - MAIN ENTRY--PERSONAL NAME
Personal name जसवानी, के. के.
9 (RLIN) 92819
245 ## - TITLE STATEMENT
Title चित्र बनाने के 100 तरीके /
Statement of responsibility, etc के. के. जसवानी
246 ## - VARYING FORM OF TITLE
Title proper/short title Chitra banane ke 100 tarike /
Remainder of title by K. K. Jaswani
260 ## - PUBLICATION, DISTRIBUTION, ETC. (IMPRINT)
Place of publication, distribution, etc दिल्ली
Name of publisher, distributor, etc आत्माराम एण्ड संस
Date of publication, distribution, etc 1997
270 ## - ADDRESS
Address कश्मीरी गेट
City दिल्ली
Postal code 110006
300 ## - PHYSICAL DESCRIPTION
Extent 141पृ.
Dimensions 19सेमी(सजिल्द)
650 ## - SUBJECT ADDED ENTRY--TOPICAL TERM
Topical term or geographic name as entry element कला और मानव
9 (RLIN) 87916
650 ## - SUBJECT ADDED ENTRY--TOPICAL TERM
Topical term or geographic name as entry element कला--अभिव्यक्ति
9 (RLIN) 92820
650 ## - SUBJECT ADDED ENTRY--TOPICAL TERM
Topical term or geographic name as entry element Arts and Human
9 (RLIN) 92821
650 ## - SUBJECT ADDED ENTRY--TOPICAL TERM
Topical term or geographic name as entry element Art--Expression
9 (RLIN) 92822
942 ## - ADDED ENTRY ELEMENTS (KOHA)
Source of classification or shelving scheme Dewey Decimal Classification
Koha item type Hindi Books
Classification part 750
Call number suffix जसवा
Holdings
Withdrawn status Lost status Damaged status Not for loan Home library Current library Date acquired Source of acquisition Cost, normal purchase price Total Checkouts Full call number Barcode Date last seen Date checked out Copy number Cost, replacement price Price effective from Koha item type
        Central Library Central Library 29/09/2015 Cen Lib/Ret 80.00 5 750 जसवा A-883090 25/08/2022 17/08/2022 1 80.00 29/09/2015 Hindi Books

© Delhi Public Library
Hit Counter
free hit counter